Tilastot visalle Henkilöt Markan Seteleissä

Klikkaa tästä pelataksesi tätä visaa!

Yleistilastot

  • Tätä visaa on pelattu 61 kertaa
  • Keskiarvotulos 8 / 13

Vastaustilastot

VuosinaSeteliHenkilö% Oikein
1963–1977500 markkaaUrho Kekkonen
93%
1986–1997100 markkaaJean Sibelius
79%
1955–19571 000 markkaaJuho Kusti Paasikivi
71%
1963–19775 markkaaJuho Kusti Paasikivi
71%
1986–199720 markkaaVäinö Linna
69%
1986–199750 markkaaAlvar Aalto
57%
1955–19575 000 markkaaK. J. Ståhlberg
57%
1963–197750 markkaaK. J. Ståhlberg
57%
1986–199710 markkaaPaavo Nurmi
52%
1955–195710 000 markkaaJ. V. Snellman
50%
1963–1977100 markkaaJ. V. Snellman
50%
1986–19971000 markkaaAnders Chydenius
48%
1986–1997500 markkaaElias Lönnrot
43%

Tulosjakauma

Persentiili vastausten määrän mukaan

Jokaisen tuloksen saaneiden osuus

Tuloshistoriasi

Et ole pelannut tätä visaa